000 01521cam a2200337 a 4500
999 _c174439
_d174439
001 13333748
003 Nust
005 20170126094806.0
008 030905s2004 nyu 000 1 eng
010 _a 2003062376
020 _a9780753820254
040 _aDLC
_cDLC
_dDLC
041 1 _aeng
_hspa
043 _ae-sp---
050 0 0 _aPQ6668.U49
_bS6613 2004
082 0 0 _a863.64
_bZAF
100 1 _aRuiz Zafón, Carlos,
_d1964-
240 1 0 _aSombra del viento.
_lEnglish
245 1 4 _aThe shadow of the wind /
_cCarlos Ruiz Zafón ; translated by Lucia Graves.
260 _aNew York :
_bPenguin Press,
_c2004.
300 _a510 p. ;
_c25 cm.
650 0 _aAntiquarian booksellers
_zSpain
_zBarcelona
_vFiction.
650 0 _aRare books
_zSpain
_zBarcelona
_vFiction.
651 0 _aBarcelona (Spain)
_vFiction.
700 1 _aGraves, Lucia.
856 4 2 _3Contributor biographical information
_uhttp://www.loc.gov/catdir/enhancements/fy0721/2003062376-b.html
856 4 2 _3Publisher description
_uhttp://www.loc.gov/catdir/enhancements/fy0721/2003062376-d.html
856 4 1 _3Sample text
_uhttp://www.loc.gov/catdir/enhancements/fy0721/2003062376-s.html
906 _a7
_bcbc
_corignew
_d1
_eocip
_f20
_gy-gencatlg
942 _2ddc
_cBK